Proyecto prolagunas: (Registro nro. 16492)
[ vista simple ]
| 000 -CABECERA | |
|---|---|
| Campo de control | 00762aga a2200241 4500 |
| 005 - FECHA Y HORA DE LA ULTIMA TRANSACCION | |
| Campo de control | 20191224042157.0 |
| 008 - ELEMENTOS DE LONGITUD FIJA—INFORMACION GENERAL | |
| Campo de control | 170214b xxu||||| |||| 00| 0 spa d |
| 040 ## - FUENTE DE CATALOGACIÓN | |
| Agencia catalogadora original | CO-BoIAVH |
| Agencia transcriptora | CO-BoIAVH |
| 041 ## - IDIOMA | |
| Código de idioma para texto/pista de sonido o título separado | Español |
| 090 ## - CLASIFICACIÓN LOCAL | |
| Colección | AV |
| Consecutivo | 00061 |
| 110 1# - ASIENTO PRINCIPAL--NOMBRE CORPORATIVO | |
| Nombre corporativo o de jurisdicción como elemento de entrada | Proyecto Prolagunas |
| 245 10 - MENCION DE TITULO | |
| Título | Proyecto prolagunas: |
| Version | protección y recuperación de los humedales costeros del Caribe colombiano |
| 257 ## - PAIS DE LA ENTIDAD PRODUCTORA DE FILMES DE ARCHIVO | |
| País de la entidad productora | Colombia |
| 300 ## - DESCRIPCION FISICA | |
| Extensión | 35 min. |
| Otros detalles físicos | VHS |
| 650 14 - ASIENTO SECUNDARIO DE MATERIA - TERMINO TEMATICO | |
| Término temático o nombre geográfico como elemento de entrada | Proyectos ambientales |
| 650 14 - ASIENTO SECUNDARIO DE MATERIA - TERMINO TEMATICO | |
| Término temático o nombre geográfico como elemento de entrada | Humedales costeros |
| 650 14 - ASIENTO SECUNDARIO DE MATERIA - TERMINO TEMATICO | |
| Término temático o nombre geográfico como elemento de entrada | Manejo de microcuencas |
| 650 14 - ASIENTO SECUNDARIO DE MATERIA - TERMINO TEMATICO | |
| Término temático o nombre geográfico como elemento de entrada | Conservación de ecosistemas |
| 650 14 - ASIENTO SECUNDARIO DE MATERIA - TERMINO TEMATICO | |
| Término temático o nombre geográfico como elemento de entrada | Areas costeras |
| 650 14 - ASIENTO SECUNDARIO DE MATERIA - TERMINO TEMATICO | |
| Término temático o nombre geográfico como elemento de entrada | Degradación ambiental |
| 650 14 - ASIENTO SECUNDARIO DE MATERIA - TERMINO TEMATICO | |
| Término temático o nombre geográfico como elemento de entrada | Comunidad Wayuu |
| 942 ## - ELEMENTOS ADICIONALES (KOHA) | |
| Tipo de ítem | VHS |
| Sistema de clasificación | Local |
| Withdrawn status | Lost status | Sistema de Clasificación | Damaged status | No para préstamo | Colección | Ubicación Permanente | Ubicación actual | Fecha de adquisición | Fuente de adquisición | Total Checkouts | Número topográfico | Inventario / Código de Barras | Date last seen | Ejemplar | Price effective from | Forma de adquisición | Tipo de material |
|---|---|---|---|---|---|---|---|---|---|---|---|---|---|---|---|---|---|
| Local | Audiovisual | Bogotá | Bogotá | 09/02/2017 | Díaz, Juan Manuel | AV-00061 | 018280 | 25/03/2015 | Ej. 1 | 25/03/2015 | Donación | VHS | |||||
| Local | Audiovisual | Bogotá | Bogotá | 17/05/2005 | AV-00061 | 018862 | 25/03/2015 | Ej. 2 | 25/03/2015 | Donación | VHS | ||||||
| Local | Audiovisual | Bogotá | Bogotá | 27/02/2015 | AV-00061 | 018873 | 25/03/2015 | Ej. 3 | 25/03/2015 | Donación | VHS |